| 000 | 00000nam##2200000za#4500 |
| 001 | 9.641085 |
| 003 | CaOODSP |
| 005 | 20250403105351 |
| 007 | cr ||||||||||| |
| 008 | 150407|1996||||xxc|||||o f|0| 0 fre|d |
| 040 | |aCaOODSP|bfre |
| 043 | |an-cn--- |
| 086 | 1 |aCS92-N0089/1996F-PDF |
| 245 | 00|aCitoyenneté - manuel des procédures |h[ressource électronique] |
| 260 | |aOttawa - Ontario : |bStatistique Canada |c1996. |
| 500 | |aPublication du recensement historique numérisé par Statistique Canada. |
| 590 | |a12-44-Supp|b2012-12-13 |
| 710 | 2 |aStatistique Canada. |
| 775 | 08|tCitizenship - procedures manual |w(CaOODSP)9.697012 |
| 856 | 40|ahttp://publications.gc.ca|qPDF|s1109 Ko|uhttps://publications.gc.ca/collections/collection_2012/statcan/rh-hc/CS92-N0089-1996-fra.pdf |
| 986 | |aCIT-1 |